000 00213nam a22000857a 4500
008 160811b xxu||||| |||| 00| 0 eng d
100 _9121
_aYash Pal
245 _aBiology-IX
260 _aNew Delhi
_bArya publication
_c2010
999 _c2776
_d2776